Príjmy, z ktorých sa platí daň z príjmov fyzických osôb - základ dane

Gespeichert in:
Bibliographische Detailangaben
1. Verfasser: Baštincová, Anna
Format: Buchkapitel
Sprache:Slowakisch
Tags: Tag hinzufügen
Keine Tags, Fügen Sie das erste Tag hinzu!

MARC

LEADER 00000naa$a2200000$$$4500
001 0067287
005 20240502071815.8
041 0 |a slo 
044 |a SK 
245 1 0 |a Príjmy, z ktorých sa platí daň z príjmov fyzických osôb - základ dane  |c Anna Baštincová 
100 1 |a Baštincová, Anna